Suomen kunnat, joissa on Lidl - Statistics

General Stats
  • This quiz has been taken 102 times
    99 since last reset
  • The average score is 46 of 101
Answer Stats
Maakunta Kunta Myymälät % Correct
Uusimaa Helsinki 27
100%
Uusimaa Espoo 14
98%
Uusimaa Vantaa 11
97%
Pirkanmaa Tampere 10
94%
Pohjois-Pohjanmaa Oulu 8
92%
Varsinais-Suomi Turku 7
91%
Lappi Rovaniemi 2
85%
Keski-Suomi Jyväskylä 5
84%
Satakunta Pori 2
83%
Pohjanmaa Vaasa 3
81%
Kanta-Häme Hämeenlinna 3
80%
Pohjois-Savo Kuopio 3
80%
Päijät-Häme Lahti 4
78%
Kymenlaakso Kotka 2
73%
Etelä-Karjala Lappeenranta 3
73%
Pohjois-Karjala Joensuu 2
72%
Kymenlaakso Kouvola 4
71%
Satakunta Rauma 1
70%
Lappi Kemi 1
66%
Uusimaa Porvoo 2
65%
Etelä-Pohjanmaa Seinäjoki 2
64%
Etelä-Savo Mikkeli 2
63%
Pirkanmaa Nokia 1
63%
Uusimaa Hanko 1
60%
Uusimaa Hyvinkää 2
59%
Varsinais-Suomi Salo 2
58%
Uusimaa Järvenpää 2
56%
Pohjanmaa Kokkola 2
56%
Pirkanmaa Lempäälä 2
56%
Kainuu Kajaani 1
55%
Uusimaa Kerava 1
55%
Uusimaa Lohja 1
55%
Kymenlaakso Hamina 1
53%
Pohjois-Pohjanmaa Kuusamo 1
53%
Lappi Tornio 1
53%
Etelä-Karjala Imatra 2
52%
Varsinais-Suomi Raisio 1
52%
Etelä-Savo Savonlinna 1
52%
Uusimaa Kirkkonummi 1
51%
Varsinais-Suomi Naantali 1
49%
Uusimaa Loviisa 1
48%
Kanta-Häme Riihimäki 2
48%
Pirkanmaa Pirkkala 1
47%
Varsinais-Suomi Uusikaupunki 1
47%
Uusimaa Nurmijärvi 2
44%
Lappi Sodankylä 1
44%
Kanta-Häme Forssa 1
43%
Pirkanmaa Orivesi 1
43%
Keski-Suomi Jämsä 1
42%
Pohjois-Pohjanmaa Ylivieska 1
42%
Varsinais-Suomi Kaarina 2
41%
Pohjois-Pohjanmaa Kempele 1
41%
Uusimaa Tuusula 1
41%
Pirkanmaa Valkeakoski 1
41%
Pohjois-Pohjanmaa Iisalmi 1
40%
Keski-Suomi Keuruu 1
37%
Etelä-Pohjanmaa Lapua 1
37%
Pohjanmaa Pietarsaari 1
37%
Pohjois-Pohjanmaa Raahe 1
37%
Uusimaa Sipoo 1
37%
Pirkanmaa Ylöjärvi 1
37%
Pirkanmaa Akaa 1
35%
Pirkanmaa Kangasala 1
35%
Lappi Kemijärvi 1
35%
Pohjois-Savo Varkaus 1
35%
Varsinais-Suomi Loimaa 1
34%
Päijät-Häme Orimattila 1
34%
Päijät-Häme Heinola 1
33%
Uusimaa Mäntsälä 1
33%
Uusimaa Vihti 1
33%
Uusimaa Karkkila 1
31%
Päijät-Häme Hollola 1
30%
Etelä-Pohjanmaa Kauhava 1
29%
Varsinais-Suomi Lieto 1
29%
Uusimaa Raasepori 2
29%
Pohjois-Savo Siilinjärvi 1
29%
Etelä-Savo Pieksämäki 1
28%
Pirkanmaa Sastamala 1
28%
Satakunta Huittinen 1
27%
Satakunta Kankaanpää 1
27%
Etelä-Pohjanmaa Kauhajoki 1
27%
Satakunta Ulvila 1
26%
Keski-Suomi Äänekoski 1
24%
Satakunta Harjavalta 1
24%
Satakunta Kokemäki 1
24%
Keski-Suomi Muurame 1
24%
Pohjanmaa Närpiö 1
24%
Etelä-Pohjanmaa Alajärvi 1
23%
Pohjois-Karjala Lieksa 1
23%
Pirkanmaa Parkano 1
23%
Pirkanmaa Ikaalinen 1
22%
Varsinais-Suomi Paimio 1
22%
Kainuu Sotkamo 1
22%
Keski-Suomi Viitasaari 1
20%
Pohjois-Pohjanmaa Nivala 1
17%
Varsinais-Suomi Parainen 1
17%
Kanta-Häme Janakkala 1
16%
Varsinais-Suomi Somero 1
16%
Keski-Suomi Laukaa 1
13%
Keski-Suomi Saarijärvi 1
10%
Pohjois-Savo Leppävirta 1
9%
No matching quizzes found
Score Distribution
Percent of People with Each Score
Percentile by Number Answered
Your Score History
You have not taken this quiz since the last reset